The Play of Philosophy: Thinking with Drew Hyland /
This volume on the work of Drew Hyland invites readers to join in the open and responsive dialogue that characterizes philosophical life, according to Hyland. Contributors engage figures from Plato to Heidegger and explore themes including love, beauty, play, and transcendence. Each essay reflects p...
مؤلفون آخرون: ,
التنسيق: كتاب الكتروني
اللغة: English
منشور في:
Leiden ; Boston :
BRILL,
2026.
سلاسل:
Studies in Contemporary Phenomenology ;
29.
Religious Studies, Theology and Philosophy E-Books Online, Collection 2026.
الموضوعات:
الوصول للمادة أونلاين: Login to view Source
الوسوم: إضافة وسم
رقم الطلب: PZ7.S588
| LEADER | 02513nam a22004818i 4500 | ||
|---|---|---|---|
| 001 | BRILL9789004751293 | ||
| 003 | nllekb | ||
| 005 | 20260324115024.0 | ||
| 006 | m d | ||
| 007 | cr un uuuua | ||
| 008 | 251218s2026 gw sb 001 0 eng d | ||
| 020 | |a 9789004751293 |q (electronic book) | ||
| 020 | |z 9789004751286 |q (print) | ||
| 024 | 7 | |a 10.1163/9789004751293 |2 DOI | |
| 040 | |a NL-LeKB |c NL-LeKB |e rda | ||
| 041 | |a eng | ||
| 050 | 4 | |a PZ7.S588 | |
| 072 | 7 | |a PHI |x 013000 |2 bisacsh | |
| 072 | 7 | |a HPJ |2 bicssc | |
| 082 | 0 | 4 | |a 100 |2 23 |
| 245 | 0 | 4 | |a The Play of Philosophy: Thinking with Drew Hyland / |c edited by Lydia W. Barry and S. Montgomery Ewegen. |
| 264 | 1 | |a Leiden ; |a Boston : |b BRILL, |c 2026. | |
| 264 | 4 | |c ©2026 | |
| 300 | |a 1 online resource (215 pages) : |b illustrations. | ||
| 336 | |a text |b txt |2 rdacontent | ||
| 337 | |a computer |b c |2 rdamedia | ||
| 338 | |a online resource |2 rdacarrier | ||
| 490 | 1 | |a Studies in Contemporary Phenomenology ; |v 29 | |
| 490 | 1 | |a Religious Studies, Theology and Philosophy E-Books Online, Collection 2026 | |
| 504 | |a Includes bibliographical references and index. | ||
| 520 | |a This volume on the work of Drew Hyland invites readers to join in the open and responsive dialogue that characterizes philosophical life, according to Hyland. Contributors engage figures from Plato to Heidegger and explore themes including love, beauty, play, and transcendence. Each essay reflects philosophy as a lived, communal practice rather than a doctrinal system. Highlights include a meditation on seduction in Plato's Symposium , an imagined dialogue between Hyland and Hans-Georg Gadamer, and a previously unpublished essay by Hyland on Antonioni's Blowup . This collection honors Hyland's legacy and carries it forward-inviting readers to think, question, and philosophize together with him. | ||
| 546 | |a English | ||
| 588 | |a Description based on print version record. | ||
| 650 | 0 | 0 | |a Philosophy. |
| 650 | 0 | 0 | |a Aesthetics & Cultural Theory. |
| 650 | 0 | 0 | |a Epistemology & Metaphysics. |
| 700 | 1 | |a Barry, Lydia W., |e editor. | |
| 700 | 1 | |a Ewegen, S. Montgomery, |e editor. | |
| 776 | 0 | 8 | |i Print version: |t The Play of Philosophy: Thinking with Drew Hyland. |d Leiden ; Boston : BRILL,2026. |z 9789004751286 |w (OCoLC)1541904122 |
| 830 | 0 | |a Studies in Contemporary Phenomenology ; |v 29. | |
| 830 | 0 | |a Religious Studies, Theology and Philosophy E-Books Online, Collection 2026. | |
| 856 | 4 | |z DOI: |u http://dx.doi.org/10.1163/9789004751293 | |
| 999 | |c 61962 |d 61962 | ||
